<?xml version="1.0" encoding="UTF-8"?>
<collection xmlns="http://www.loc.gov/MARC21/slim">
 <record>
  <leader>01684nam a22002417a 4500</leader>
  <controlfield tag="001">NCT_22091</controlfield>
  <controlfield tag="008">171121b        xxu||||| |||| 00| 0 vie d</controlfield>
  <datafield tag="999" ind1=" " ind2=" ">
   <subfield code="c">1045</subfield>
   <subfield code="d">1045</subfield>
  </datafield>
  <datafield tag="020" ind1=" " ind2=" ">
   <subfield code="c">72000</subfield>
  </datafield>
  <datafield tag="082" ind1="0" ind2="4">
   <subfield code="2">23rd ed.</subfield>
   <subfield code="a">005.13</subfield>
   <subfield code="b">L105/T.3-Q.2</subfield>
  </datafield>
  <datafield tag="100" ind1="1" ind2="0">
   <subfield code="a">Phương Lan</subfield>
   <subfield code="e">Chủ biên</subfield>
  </datafield>
  <datafield tag="245" ind1="1" ind2="0">
   <subfield code="a">Visual basic 2005</subfield>
   <subfield code="n">Tập 3 - Quyển 2</subfield>
   <subfield code="p">Lập trình web với cơ sở dữ liệu</subfield>
   <subfield code="c">Phương Lan, Hoàng Đức Hải</subfield>
  </datafield>
  <datafield tag="260" ind1=" " ind2=" ">
   <subfield code="b">Phương Đông</subfield>
   <subfield code="c">2007</subfield>
  </datafield>
  <datafield tag="300" ind1=" " ind2=" ">
   <subfield code="a">303 tr</subfield>
   <subfield code="b">Ảnh minh họa</subfield>
   <subfield code="c">24 cm</subfield>
   <subfield code="e">Kèm CD</subfield>
  </datafield>
  <datafield tag="520" ind1=" " ind2=" ">
   <subfield code="a">Nội dung quyển sách gồm: Tự học xây dựng ứng dụng Web quản lý CSDL toàn diện với ADO.NET 2.0 và ASP.NET. Khai thác các đối tượng và nguồn dữ liệu dành cho Web Forms. Sử dụng các điều khiển dữ liệu đặc thù dành riêng cho ASP.NET và Web. Làm quen với những khái niệm xử lý dữ liệu hoàn toàn mới.</subfield>
  </datafield>
  <datafield tag="653" ind1=" " ind2=" ">
   <subfield code="a">Lập trình web</subfield>
  </datafield>
  <datafield tag="655" ind1=" " ind2=" ">
   <subfield code="a">Công nghệ thông tin</subfield>
  </datafield>
  <datafield tag="710" ind1="1" ind2=" ">
   <subfield code="a">Hoàng Đức Hải</subfield>
  </datafield>
  <datafield tag="942" ind1=" " ind2=" ">
   <subfield code="2">ddc</subfield>
   <subfield code="c">BK</subfield>
  </datafield>
  <datafield tag="952" ind1=" " ind2=" ">
   <subfield code="0">0</subfield>
   <subfield code="1">0</subfield>
   <subfield code="2">ddc</subfield>
   <subfield code="4">0</subfield>
   <subfield code="6">005_130000000000000_L105_T_3Q_2</subfield>
   <subfield code="7">0</subfield>
   <subfield code="9">3932</subfield>
   <subfield code="a">000001</subfield>
   <subfield code="b">000001</subfield>
   <subfield code="d">2017-11-21</subfield>
   <subfield code="o">005.13 L105/T.3-Q.2</subfield>
   <subfield code="p">MD.02105</subfield>
   <subfield code="r">2017-11-21</subfield>
   <subfield code="v">72000.00</subfield>
   <subfield code="w">2017-11-21</subfield>
   <subfield code="y">BK</subfield>
  </datafield>
  <datafield tag="952" ind1=" " ind2=" ">
   <subfield code="0">0</subfield>
   <subfield code="1">0</subfield>
   <subfield code="2">ddc</subfield>
   <subfield code="4">0</subfield>
   <subfield code="6">005_130000000000000_L105_T_3Q_2</subfield>
   <subfield code="7">0</subfield>
   <subfield code="9">3933</subfield>
   <subfield code="a">000001</subfield>
   <subfield code="b">000001</subfield>
   <subfield code="d">2017-11-21</subfield>
   <subfield code="o">005.13 L105/T.3-Q.2</subfield>
   <subfield code="p">MD.02106</subfield>
   <subfield code="r">2017-11-21</subfield>
   <subfield code="v">72000.00</subfield>
   <subfield code="w">2017-11-21</subfield>
   <subfield code="y">BK</subfield>
  </datafield>
  <datafield tag="952" ind1=" " ind2=" ">
   <subfield code="0">0</subfield>
   <subfield code="1">0</subfield>
   <subfield code="2">ddc</subfield>
   <subfield code="4">0</subfield>
   <subfield code="6">005_130000000000000_L105_T_3Q_2</subfield>
   <subfield code="7">0</subfield>
   <subfield code="9">3934</subfield>
   <subfield code="a">000001</subfield>
   <subfield code="b">000001</subfield>
   <subfield code="d">2017-11-21</subfield>
   <subfield code="o">005.13 L105/T.3-Q.2</subfield>
   <subfield code="p">MD.02107</subfield>
   <subfield code="r">2017-11-21</subfield>
   <subfield code="v">72000.00</subfield>
   <subfield code="w">2017-11-21</subfield>
   <subfield code="y">BK</subfield>
  </datafield>
  <datafield tag="980" ind1=" " ind2=" ">
   <subfield code="a">Thư viện Trường Đại học Nam Cần Thơ</subfield>
  </datafield>
 </record>
</collection>
